ការសិក្សាពីចំណូល និង ចំណាយថវិកាចំនួនម្ភៃគ្រួសារ នៅក្នុងខេត្តកណ្តាល ដើម្បីកំណត់ប្រភេទមួយក្នុងគំរោងថវិកាគ្រួសារ (Record no. 181)
[ view plain ]
| 000 -LEADER | |
|---|---|
| fixed length control field | 00646nam a22001457a 4500 |
| 003 - CONTROL NUMBER IDENTIFIER | |
| control field | OSt |
| 005 - DATE AND TIME OF LATEST TRANSACTION | |
| control field | 20150909165522.0 |
| 008 - FIXED-LENGTH DATA ELEMENTS--GENERAL INFORMATION | |
| fixed length control field | 150909b xxu||||| |||| 00| 0 eng d |
| 040 ## - CATALOGING SOURCE | |
| Transcribing agency | RUA |
| 082 ## - DEWEY DECIMAL CLASSIFICATION NUMBER | |
| Classification number | AGR ជូ 1994 B010 Or.1 |
| 100 ## - MAIN ENTRY--PERSONAL NAME | |
| 9 (RLIN) | 202 |
| Personal name | ជូ វណ្ណៈ |
| 245 ## - TITLE STATEMENT | |
| Title | ការសិក្សាពីចំណូល និង ចំណាយថវិកាចំនួនម្ភៃគ្រួសារ នៅក្នុងខេត្តកណ្តាល ដើម្បីកំណត់ប្រភេទមួយក្នុងគំរោងថវិកាគ្រួសារ |
| 300 ## - PHYSICAL DESCRIPTION | |
| Extent | 69 |
| Other physical details | ill |
| Dimensions | 29cm |
| 942 ## - ADDED ENTRY ELEMENTS (KOHA) | |
| Source of classification or shelving scheme | |
| Koha item type | AGR |
| Price effective from | Date last seen | Permanent Location | Not for loan | Date acquired | Source of classification or shelving scheme | Koha item type | Barcode | Lost status | Damaged status | Withdrawn status | Current Location | Full call number |
|---|---|---|---|---|---|---|---|---|---|---|---|---|
| 2015-09-09 | 2015-09-09 | Library Block B | 2015-09-09 | AGR | RUA003440 | Library Block B | AGR ជូ 1994 B010 Or.1 | |||||
| 2015-09-09 | 2015-09-09 | Library Block B | 2015-09-09 | AGR | RUA003087 | Library Block B | AGR ជូ 1994 B010 Or.2 | |||||
| 2015-09-09 | 2015-09-09 | Library Block B | 2015-09-09 | AGR | RUA003295 | Library Block B | AGR ជូ 1994 B010 Or.3 | |||||
| 2015-09-09 | 2015-09-09 | Library Block B | 2015-09-09 | AGR | RUA004353 | Library Block B | AGR ជូ 1994 B010 Or.4 |